| 000 | 00774nam a2200253 a 4500 | ||
|---|---|---|---|
| 008 | |||
| 020 | _a0952472767 (pbk.) | ||
| 049 | _aMAIN | ||
| 090 | _aTP936 PAI | ||
| 245 | 1 | 0 |
_aPaint theory, paint practice: _bmaterials and methodologies within contemporary painting practice/ _cedited by Yvonne, Hindle; Pip, Seymour. |
| 260 |
_aLondon ; _bUCE.; _c?? |
||
| 300 |
_a144 p. ; _c21 cm. |
||
| 500 | _aIncludes bibliographical references. | ||
| 500 | _aIncludes index. | ||
| 650 | _aOil Paint. | ||
| 650 | 1 | _aAcrylic Paint Systems. | |
| 700 | _aSeymour, Pip. | ||
| 700 | _aHindle, Yvonne. | ||
| 907 |
_a.b10232424 _b16-02-07 _c16-02-07 |
||
| 003 | |||
| 005 | 20230123134400.0 | ||
| 040 | _cNUST | ||
| 942 |
_cBOOKS _kTP936 PAI |
||
| 999 |
_c164946 _d164946 |
||